00383nam a22001337a 4500003000400000005001700004008004100021040000800062050002100070082002100091245009000112260003700202300001000239OSt20260410033550.0260410b |||||||| |||| 00| 0 eng d cDLC a305.5122bAM491U a305.5122bAM491U aThe Untouchables:bwho were they and why they become untouchables?cby B. R. Ambedkar aChennai:bWestland Books,c2026. a140p.